[Event "Titled Tuesday intern op 11th Jun Late"]
[Site "Chess.com INT"]
[Date "2024.06.11"]
[Round "3"]
[White "Jodar Arias, Marlon"]
[Black "Maycock Bates, David Henry"]
[Result "1-0"]
[WhiteElo "2189"]
[BlackElo "2290"]
[PlyCount "51"]
[EventDate "2024.06.11"]
[EventType "swiss (blitz)"]
[EventRounds "11"]
[EventCountry "USA"]
[SourceTitle "EXT 2025"]
[Source "ChessBase"]
[SourceDate "2024.10.14"]
[SourceVersion "1"]
[SourceVersionDate "2024.10.14"]
[SourceQuality "1"]

1. e4 d5 2. exd5 c6 3. d4 Nf6 4. Nf3 cxd5 5. Ne5 Nc6 6. c3 Bd7 7. Bd3 e6 8. 0-0 Bd6 9. Qe2 Qc7 10. Re1 h5 11. h3 g5 12. Bxg5 Ne4 13. Bxe4 dxe4 14. Qxe4 Nxe5 15. dxe5 Bc5 16. Nd2 Rg8 17. Qf4 Bc6 18. Ne4 Be7 19. Bxe7 Kxe7 20. Rad1 Rg6 21. g3 Bd5 22. Qh4+ Kf8 23. Qxh5 Kg7 24. h4 Rh8 25. Qe2 Rxh4 26. b3 1-0

[Event "Titled Tuesday intern op 11th Jun Late"]
[Site "Chess.com INT"]
[Date "2024.06.11"]
[Round "4"]
[White "Maycock Bates, David Henry"]
[Black "Buker, Muhittin"]
[Result "1-0"]
[WhiteElo "2290"]
[BlackElo "1929"]
[PlyCount "67"]
[EventDate "2024.06.11"]
[EventType "swiss (blitz)"]
[EventRounds "11"]
[EventCountry "USA"]
[SourceTitle "EXT 2025"]
[Source "ChessBase"]
[SourceDate "2024.10.14"]
[SourceVersion "1"]
[SourceVersionDate "2024.10.14"]
[SourceQuality "1"]

1. e4 e5 2. Nf3 Nc6 3. d4 exd4 4. Nxd4 Bc5 5. Nb3 Bb6 6. Nc3 Nf6 7. Bg5 h6 8. Bh4 g5 9. Bg3 d6 10. Qd2 Nh5 11. Nd5 Nxg3 12. hxg3 Be6 13. Bb5 a6 14. Qc3 Kd7 15. Nxb6+ cxb6 16. Bxc6+ bxc6 17. 0-0-0 Kc7 18. Nd4 Bd7 19. e5 d5 20. Rhe1 Re8 21. f4 Kb7 22. Nf3 Bg4 23. a4 a5 24. Kb1 Qe7 25. Rd4 gxf4 26. Rxf4 Be6 27. Nd4 Rg8 28. Ref1 Qd7 29. Nxe6 Qxe6 30. Rxf7+ Ka6 31. R1f6 Qg4 32. Qxc6 Qd1+ 33. Ka2 Qd4 34. Qb5# 1-0

[Event "Titled Tuesday intern op 28th May Early"]
[Site "Chess.com INT"]
[Date "2024.05.28"]
[Round "8"]
[White "Christensen, Thomas1"]
[Black "Maycock Bates, David Henry"]
[Result "0-1"]
[WhiteElo "2153"]
[BlackElo "2266"]
[PlyCount "132"]
[EventDate "2024.05.28"]
[EventType "swiss (blitz)"]
[EventRounds "11"]
[EventCountry "USA"]
[SourceTitle "EXT 2025"]
[Source "ChessBase"]
[SourceDate "2024.10.14"]
[SourceVersion "1"]
[SourceVersionDate "2024.10.14"]
[SourceQuality "1"]

1. d4 c5 2. e4 cxd4 3. Qxd4 Nc6 4. Qd1 e5 5. Bd3 d5 6. exd5 Qxd5 7. Qf3 Be6 8. Be4 Qd7 9. Bxc6 bxc6 10. Nc3 Nf6 11. Nge2 Be7 12. 0-0 0-0 13. h3 Rab8 14. Ng3 Nd5 15. Na4 f5 16. b3 e4 17. Qe2 Qc7 18. c4 Nf4 19. Bxf4 Qxf4 20. Qe3 Qxe3 21. fxe3 Rbd8 22. Rad1 g6 23. Ne2 Bb4 24. Nd4 Bd7 25. Nc2 c5 26. a3 Bxa4 27. bxa4 Bd2 28. Rf2 Bc3 29. Rb1 Rd3 30. Re2 Rf7 31. Kf1 Kg7 32. Kf2 g5 33. Ne1 Rd2 34. Rxd2 Bxd2 35. Ke2 Bc3 36. g3 h5 37. Ng2 Kf6 38. h4 Rd7 39. hxg5+ Kxg5 40. Rd1 Rxd1 41. Kxd1 Kg4 42. Nf4 Be5 43. Ng6 Bd6 44. Nh4 Bxg3 45. Ng6 Bd6 46. Ke2 Kg5 47. Nh8 Kf6 48. a5 Kg7 49. a6 Kxh8 50. Kf2 Bc7 51. a4 Kg7 52. a5 Bxa5 53. Kg2 Kf6 54. Kh3 Kg5 55. Kg3 Bd2 56. Kh3 h4 57. Kg2 Bxe3 58. Kh3 Bd4 59. Kg2 Kg4 60. Kh2 f4 61. Kg2 e3 62. Kh2 Be5 63. Kg2 f3+ 64. Kh1 Bg3 65. Kg1 e2 66. Kh1 e1Q# 0-1

[Event "Titled Tuesday intern op 28th May Late"]
[Site "Chess.com INT"]
[Date "2024.05.28"]
[Round "11"]
[White "Golubev, Mikhail"]
[Black "Maycock Bates, David Henry"]
[Result "0-1"]
[WhiteElo "2461"]
[BlackElo "2266"]
[PlyCount "166"]
[EventDate "2024.05.28"]
[EventType "swiss (blitz)"]
[EventRounds "11"]
[EventCountry "USA"]
[SourceTitle "EXT 2025"]
[Source "ChessBase"]
[SourceDate "2024.10.14"]
[SourceVersion "1"]
[SourceVersionDate "2024.10.14"]
[SourceQuality "1"]

1. e4 d5 2. exd5 c6 3. d4 cxd5 4. Bd3 Nf6 5. c3 Bg4 6. Qb3 Qc8 7. h3 Bh5 8. Bf4 Nc6 9. Nd2 e6 10. Ngf3 Be7 11. 0-0 0-0 12. Rfe1 a6 13. a4 Bg6 14. Bf1 Ne4 15. Qd1 Bd6 16. Bxd6 Nxd6 17. Nh4 b5 18. Nxg6 hxg6 19. b4 Ne7 20. axb5 Qxc3 21. bxa6 Qxb4 22. Nf3 Nc4 23. Ne5 Nxe5 24. dxe5 Ra7 25. Re2 Nc6 26. Qc1 Nd4 27. Rb2 Qe7 28. Qe3 Nf5 29. Qb6 Rfa8 30. Rc1 g5 31. g3 Kh7 32. Bd3 g6 33. Ra1 Kg7 34. Bb5 Kh7 35. Qa5 Qc5 36. Qa4 Nd4 37. Bf1 Kg7 38. Qa3 Qxa3 39. Rxa3 Nc6 40. Rba2 Nxe5 41. Rb2 Nc4 42. Bxc4 dxc4 43. Rba2 c3 44. Rxc3 Rxa6 45. Rxa6 Rxa6 46. Kg2 f5 47. Rc7+ Kf6 48. Rc4 Ra2 49. Rb4 Ra6 50. Rc4 Rd6 51. Rb4 Rc6 52. Ra4 e5 53. Rb4 Ke6 54. Rb5 Rd6 55. Ra5 Rd5 56. Ra6+ Rd6 57. Ra5 e4 58. Rb5 Rd2 59. Ra5 e3 60. Ra6+ Ke5 61. Ra5+ Ke4 62. Ra4+ Ke5 63. Ra5+ Kf6 64. Ra6+ Kg7 65. Kf3 exf2 66. Kg2 Rc2 67. Ra7+ Kf6 68. Ra6+ Kf7 69. Rb6 Rd2 70. Ra6 Kg7 71. Rb6 Kh6 72. Ra6 Rb2 73. Rc6 Kh5 74. Rc8 Kh6 75. Rc7 f4 76. gxf4 gxf4 77. Rc3 Kg5 78. Ra3 Kf5 79. Ra5+ Ke4 80. Ra3 g5 81. Ra4+ Ke3 82. Ra3+ Ke2 83. Ra5 f1Q+ 0-1

[Event "Titled Tuesday intern op 28th May Late"]
[Site "Chess.com INT"]
[Date "2024.05.28"]
[Round "5"]
[White "Hungaski, Robert Andrew"]
[Black "Maycock Bates, David Henry"]
[Result "1-0"]
[WhiteElo "2471"]
[BlackElo "2266"]
[PlyCount "151"]
[EventDate "2024.05.28"]
[EventType "swiss (blitz)"]
[EventRounds "11"]
[EventCountry "USA"]
[SourceTitle "EXT 2025"]
[Source "ChessBase"]
[SourceDate "2024.10.14"]
[SourceVersion "1"]
[SourceVersionDate "2024.10.14"]
[SourceQuality "1"]

1. b3 d5 2. Bb2 Bg4 3. f3 Bh5 4. e4 dxe4 5. Qe2 Nd7 6. Nc3 exf3 7. Nxf3 Ngf6 8. 0-0-0 e6 9. h3 Bd6 10. g4 Bg6 11. Bg2 c6 12. Nh4 Qa5 13. Kb1 0-0-0 14. Nxg6 hxg6 15. Ne4 Nxe4 16. Qxe4 Nf6 17. Qf3 Be5 18. d4 Bd6 19. h4 Rd7 20. g5 Nh5 21. Qg4 Qf5 22. Bf3 Ng3 23. Rh3 Qxg4 24. Bxg4 Ne4 25. d5 cxd5 26. Bxg7 Rh7 27. Bd4 Kd8 28. Kb2 b6 29. Rf1 Rc7 30. Rd1 Ke7 31. a4 Bc5 32. Be5 Bd6 33. Bd4 Ke8 34. Re1 Bc5 35. Be5 Rc8 36. Bf4 Bf2 37. Re2 Bd4+ 38. Kc1 Nc3 39. Rd2 Na2+ 40. Kd1 Bc3 41. Rdd3 Nb4 42. Rxc3 Rxc3 43. Rxc3 Rxh4 44. Rc8+ Kd7 45. Rc7+ Kd8 46. Bd6 Rxg4 47. Rxf7 Nc6 48. Rc7 Nd4 49. Rxa7 Rg1+ 50. Kd2 Nf3+ 51. Ke3 Nxg5 52. Bc7+ Kd7 53. Bxb6+ Kc6 54. a5 Ne4 55. c4 Rg3+ 56. Kf4 Rxb3 57. Ke5 dxc4 58. Rc7+ Kb5 59. Kxe4 Rb1 60. Rb7 Kc6 61. Rc7+ Kb5 62. Rc5+ Ka6 63. Rxc4 Rb5 64. Rc6 g5 65. Rxe6 Kb7 66. Rg6 Rb4+ 67. Kd5 Rb5+ 68. Kc4 Rf5 69. Kb4 Rf4+ 70. Kb5 Rf5+ 71. Bc5 Kc7 72. Rg7+ Kc8 73. a6 Rf1 74. a7 Rb1+ 75. Kc6 Kd8 76. Rg8# 1-0

[Event "Titled Tuesday intern op 28th May Early"]
[Site "Chess.com INT"]
[Date "2024.05.28"]
[Round "7"]
[White "Maycock Bates, David Henry"]
[Black "Bettalli, Francesco"]
[Result "0-1"]
[WhiteElo "2266"]
[BlackElo "2341"]
[PlyCount "52"]
[EventDate "2024.05.28"]
[EventType "swiss (blitz)"]
[EventRounds "11"]
[EventCountry "USA"]
[SourceTitle "EXT 2025"]
[Source "ChessBase"]
[SourceDate "2024.10.14"]
[SourceVersion "1"]
[SourceVersionDate "2024.10.14"]
[SourceQuality "1"]

1. e4 c6 2. d4 d5 3. e5 Bf5 4. h4 h5 5. Bd3 Bxd3 6. Qxd3 e6 7. Nf3 c5 8. dxc5 Nd7 9. b4 Qc7 10. Bb2 a5 11. a3 axb4 12. axb4 Rxa1 13. Bxa1 b6 14. 0-0 bxc5 15. Nbd2 cxb4 16. Bd4 Nh6 17. Ra1 Be7 18. Qb5 0-0 19. Ra7 Qxc2 20. Rxd7 Nf5 21. Rxe7 Nxe7 22. Qxb4 Nf5 23. Be3 Qd1+ 24. Kh2 Rc8 25. Qf4 Rc1 26. g3 Qh1# 0-1

[Event "Titled Tuesday intern op 28th May Early"]
[Site "Chess.com INT"]
[Date "2024.05.28"]
[Round "6"]
[White "Maycock Bates, David Henry"]
[Black "Dias, Simao Poscidonio"]
[Result "1-0"]
[WhiteElo "2266"]
[BlackElo "2068"]
[PlyCount "113"]
[EventDate "2024.05.28"]
[EventType "swiss (blitz)"]
[EventRounds "11"]
[EventCountry "USA"]
[SourceTitle "EXT 2025"]
[Source "ChessBase"]
[SourceDate "2024.10.14"]
[SourceVersion "1"]
[SourceVersionDate "2024.10.14"]
[SourceQuality "1"]

1. e4 c5 2. d4 cxd4 3. c3 d3 4. Bxd3 g6 5. h4 h5 6. Bg5 Bg7 7. Nf3 Nc6 8. Nbd2 d6 9. 0-0 Bg4 10. Qb3 Qb6 11. Qxb6 axb6 12. Nh2 Bd7 13. Nc4 b5 14. Nb6 Ra5 15. Nf3 Nf6 16. Rfd1 Be6 17. b4 Ra6 18. Bxf6 Bxf6 19. Nd5 Bxd5 20. exd5 Na7 21. a4 Bxc3 22. Rac1 Bxb4 23. Bxb5+ Nxb5 24. Rc8+ Kd7 25. Rxh8 Nc3 26. Re1 Nxd5 27. Re4 f5 28. Rd4 Ra5 29. Rg8 e5 30. Rd1 Nf4 31. g3 Ne2+ 32. Kf1 Nc3 33. Rd3 e4 34. Rd4 exf3 35. Rxb4 Rd5 36. Kg1 Rd1+ 37. Kh2 Rf1 38. Rg7+ Kc6 39. Rc4+ Kd5 40. Rxc3 Rxf2+ 41. Kg1 Rg2+ 42. Kf1 Rxg3 43. Kf2 Rh3 44. Rxb7 Rxh4 45. Rb5+ Ke6 46. Re3+ Kf6 47. a5 g5 48. Rxf3 Ra4 49. Rd3 g4 50. Rxd6+ Kg5 51. Rdd5 Rf4+ 52. Kg2 h4 53. Rxf5+ Rxf5 54. Rxf5+ Kxf5 55. a6 Kf4 56. a7 h3+ 57. Kg1 1-0

[Event "Titled Tuesday intern op 28th May Late"]
[Site "Chess.com INT"]
[Date "2024.05.28"]
[Round "10"]
[White "Maycock Bates, David Henry"]
[Black "Korchynskyi, Mykola"]
[Result "1-0"]
[WhiteElo "2266"]
[BlackElo "2313"]
[PlyCount "129"]
[EventDate "2024.05.28"]
[EventType "swiss (blitz)"]
[EventRounds "11"]
[EventCountry "USA"]
[SourceTitle "EXT 2025"]
[Source "ChessBase"]
[SourceDate "2024.10.14"]
[SourceVersion "1"]
[SourceVersionDate "2024.10.14"]
[SourceQuality "1"]

1. e4 e6 2. Qe2 c5 3. Nf3 Nc6 4. g3 Nge7 5. Bg2 d5 6. d3 dxe4 7. dxe4 Ng6 8. 0-0 Be7 9. h4 0-0 10. Rd1 Qe8 11. Na3 b6 12. Nb5 Ba6 13. a4 Bf6 14. c3 Qc8 15. h5 Nge5 16. h6 g6 17. Nh2 Rd8 18. Bf4 Na5 19. Rxd8+ Qxd8 20. Rd1 Qe7 21. Bxe5 Bxe5 22. f4 Bc7 23. e5 Rd8 24. Ng4 Qf8 25. Kh2 Rxd1 26. Qxd1 Bd8 27. Qd7 g5 28. Nd6 gxf4 29. gxf4 Be7 30. Ne4 Bd3 31. Nef6+ Bxf6 32. Nxf6+ Kh8 33. Qe8 Qxe8 34. Nxe8 Nc4 35. Nd6 Nxb2 36. Nxf7+ Kg8 37. Ng5 Bf5 38. Bh3 Nxa4 39. Nxe6 Bxh3 40. Kxh3 Nxc3 41. Nc7 a5 42. e6 Kf8 43. f5 Ne4 44. Kg4 Nf6+ 45. Kg5 Ke7 46. Nb5 a4 47. Nd6 a3 48. Nc8+ Ke8 49. Kxf6 a2 50. Nd6+ Kd8 51. e7+ Kc7 52. e8Q a1Q+ 53. Qe5 Qh1 54. Ne4+ Kc6 55. Qd6+ Kb5 56. Qd7+ Kc4 57. Qa4+ Kd3 58. Qa3+ Ke2 59. Ng3+ Kf2 60. Nxh1+ Kg1 61. Qg3+ Kxh1 62. Ke5 c4 63. Kf4 c3 64. Kf3 c2 65. Qg2# 1-0

[Event "Titled Tuesday intern op 28th May Late"]
[Site "Chess.com INT"]
[Date "2024.05.28"]
[Round "3"]
[White "Maycock Bates, David Henry"]
[Black "Ozer, Omer Faruk"]
[Result "0-1"]
[WhiteElo "2266"]
[BlackElo "2337"]
[PlyCount "72"]
[EventDate "2024.05.28"]
[EventType "swiss (blitz)"]
[EventRounds "11"]
[EventCountry "USA"]
[SourceTitle "EXT 2025"]
[Source "ChessBase"]
[SourceDate "2024.10.14"]
[SourceVersion "1"]
[SourceVersionDate "2024.10.14"]
[SourceQuality "1"]

1. e4 c5 2. Nf3 Nc6 3. Bb5 Na5 4. d4 a6 5. Be2 cxd4 6. Nxd4 e6 7. 0-0 b5 8. a4 b4 9. Bf3 Bb7 10. Nd2 Rc8 11. b3 Ne7 12. Bb2 Ng6 13. Nf5 f6 14. Bh5 Rc5 15. Re1 Kf7 16. Nd4 Qc7 17. Nc4 Nxc4 18. bxc4 Rxc4 19. Nf3 Rxc2 20. Rc1 b3 21. Rxc2 bxc2 22. Qd2 Be7 23. Re2 Rc8 24. Qc1 Qc4 25. Nd4 Qd3 26. Rxc2 Qxe4 27. Bf3 Rxc2 28. Nxc2 Qxa4 29. Bxb7 Nf4 30. Bf3 e5 31. Ne3 e4 32. Bd1 Qa5 33. Qc4+ d5 34. Qc3 Qb5 35. g3 Nd3 36. Ba3 d4 0-1

[Event "Titled Tuesday intern op 28th May Late"]
[Site "Chess.com INT"]
[Date "2024.05.28"]
[Round "9"]
[White "Vasilevich, Tatjana"]
[Black "Maycock Bates, David Henry"]
[Result "0-1"]
[WhiteElo "2302"]
[BlackElo "2266"]
[PlyCount "174"]
[EventDate "2024.05.28"]
[EventType "swiss (blitz)"]
[EventRounds "11"]
[EventCountry "USA"]
[SourceTitle "EXT 2025"]
[Source "ChessBase"]
[SourceDate "2024.10.14"]
[SourceVersion "1"]
[SourceVersionDate "2024.10.14"]
[SourceQuality "1"]

1. d4 c5 2. d5 d6 3. c4 Nf6 4. Nc3 e6 5. e4 g6 6. f4 exd5 7. cxd5 Bg7 8. Bb5+ Nfd7 9. Nf3 0-0 10. a4 Na6 11. 0-0 Nc7 12. Be2 b6 13. Nd2 Ba6 14. Bxa6 Nxa6 15. Nc4 Qe7 16. Qf3 Rae8 17. Re1 Nb4 18. Rb1 Nc2 19. Rd1 f5 20. exf5 Bd4+ 21. Kh1 Qe1+ 22. Qf1 Qxf1+ 23. Rxf1 Rxf5 24. Nxd6 Ref8 25. Nxf5 Rxf5 26. Bd2 Nf6 27. Rbc1 Nb4 28. d6 Nd3 29. Rcd1 Nxb2 30. Rde1 Nc4 31. Rd1 Nxd2 32. Rxd2 Bxc3 33. d7 Nxd7 34. Rxd7 Rf7 35. Rfd1 Bd4 36. Rd8+ Kg7 37. g3 h6 38. Kg2 g5 39. Kf3 gxf4 40. gxf4 Re7 41. Rd3 Kf7 42. h3 Re1 43. Kg4 Rg1+ 44. Kf5 Ke7 45. Ra8 a5 46. Rb8 Rb1 47. Rg3 c4 48. Rgg8 Kd6 49. Rgd8+ Kc7 50. Rbc8+ Kb7 51. Rxc4 Bc5 52. Kf6 Re1 53. f5 Be7+ 54. Kg6 Bxd8 55. Kxh6 Rg1 56. h4 Bf6 57. h5 Rg5 58. Rf4 Rg3 59. Re4 Rg5 60. Rf4 Rg1 61. Re4 Bg5+ 62. Kg6 Bc1+ 63. Kf7 Rg5 64. f6 Rxh5 65. Kg6 Rg5+ 66. Kh7 Rf5 67. Kg6 Rf1 68. f7 Ba3 69. Re3 Bc5 70. Re4 Kc6 71. Re6+ Kd5 72. Re2 Kc4 73. Rb2 Rf3 74. Rb5 Rg3+ 75. Kf6 Rf3+ 76. Kg7 Rf1 77. Kg8 Kd5 78. Kg7 Ke6 79. f8Q Bxf8+ 80. Kg6 Bc5 81. Kg5 Ke5 82. Kg4 Ke4 83. Kg3 Rg1+ 84. Kh2 Rg8 85. Rb1 Kf3 86. Rf1+ Bf2 87. Rxf2+ Kxf2 0-1

[Event "Titled Tuesday intern op 21st May Late"]
[Site "Chess.com INT"]
[Date "2024.05.21"]
[Round "5"]
[White "Fernandez Siles, Luis"]
[Black "Maycock Bates, David Henry"]
[Result "1-0"]
[WhiteElo "2191"]
[BlackElo "2266"]
[PlyCount "81"]
[EventDate "2024.05.21"]
[EventType "swiss (blitz)"]
[EventRounds "11"]
[EventCountry "USA"]
[SourceTitle "CBM 220 Extra"]
[Source "ChessBase"]
[SourceDate "2024.07.31"]
[SourceVersion "1"]
[SourceVersionDate "2024.07.31"]
[SourceQuality "1"]

1. e4 c6 2. d4 d5 3. exd5 cxd5 4. c4 Nf6 5. Nc3 Bg4 6. Qb3 Qb6 7. c5 Qxb3 8. axb3 Nc6 9. Bb5 e6 10. b4 Be7 11. Nge2 0-0 12. Bxc6 bxc6 13. Ng3 Rfb8 14. Ra4 Nd7 15. f3 Bf5 16. Nxf5 exf5 17. Bf4 Re8 18. Kd2 Nf8 19. Kd3 Ne6 20. Be5 a5 21. Rxa5 Rxa5 22. bxa5 Bxc5 23. Na4 Ba7 24. Rc1 f6 25. Bc7 Nxc7 26. Rxc6 Ne6 27. b4 Nf4+ 28. Kd2 Re2+ 29. Kd1 Rxg2 30. Rc8+ Kf7 31. Rc7+ Ke6 32. Rxa7 Nd3 33. b5 Rb2 34. b6 Rb4 35. Nc5+ Nxc5 36. dxc5 d4 37. c6 d3 38. c7 Kd7 39. Ra8 Rc4 40. b7 Rc6 41. c8Q+ 1-0

[Event "Titled Tuesday intern op 21st May Late"]
[Site "Chess.com INT"]
[Date "2024.05.21"]
[Round "10"]
[White "Maycock Bates, David Henry"]
[Black "Omariev, Maksim"]
[Result "1-0"]
[WhiteElo "2266"]
[BlackElo "2304"]
[PlyCount "101"]
[EventDate "2024.05.21"]
[EventType "swiss (blitz)"]
[EventRounds "11"]
[EventCountry "USA"]
[SourceTitle "CBM 220 Extra"]
[Source "ChessBase"]
[SourceDate "2024.07.31"]
[SourceVersion "1"]
[SourceVersionDate "2024.07.31"]
[SourceQuality "1"]

1. e4 c5 2. c3 Nf6 3. e5 Nd5 4. d4 e6 5. Nf3 Nc6 6. Bc4 cxd4 7. Bxd5 exd5 8. 0-0 d6 9. Bg5 Qc7 10. cxd4 Be6 11. Nc3 a6 12. Re1 h6 13. Nxd5 Qa5 14. Nc3 hxg5 15. d5 g4 16. dxe6 gxf3 17. exf7+ Kxf7 18. Qb3+ Kg6 19. Qe6+ Kh7 20. Re4 Be7 21. Nd5 Qd8 22. Rg4 Qe8 23. exd6 Bd8 24. Qf5+ Kg8 25. gxf3 Qf7 26. Qe4 Bf6 27. Re1 Bxb2 28. Nf4 Rf8 29. Ng6 Qxf3 30. Ne7+ Nxe7 31. Qxf3 Rxf3 32. dxe7 Kf7 33. Rb4 Bc3 34. e8Q+ Rxe8 35. Rxb7+ Kf8 36. Rxe8+ Kxe8 37. Rb3 Bb2 38. Rxf3 Ke7 39. Re3+ Kd6 40. Rb3 Be5 41. Rb6+ Kd5 42. Rxa6 Ke4 43. Rg6 Bd4 44. Rg4+ Kd5 45. Rxd4+ Kxd4 46. Kg2 g6 47. Kg3 Kc4 48. Kg4 Kb5 49. Kg5 Ka4 50. Kxg6 Ka3 51. h4 1-0

[Event "Titled Tuesday intern op 21st May Late"]
[Site "Chess.com INT"]
[Date "2024.05.21"]
[Round "6"]
[White "Maycock Bates, David Henry"]
[Black "Radionov, Timur"]
[Result "0-1"]
[WhiteElo "2266"]
[BlackElo "2200"]
[PlyCount "52"]
[EventDate "2024.05.21"]
[EventType "swiss (blitz)"]
[EventRounds "11"]
[EventCountry "USA"]
[SourceTitle "CBM 220 Extra"]
[Source "ChessBase"]
[SourceDate "2024.07.31"]
[SourceVersion "1"]
[SourceVersionDate "2024.07.31"]
[SourceQuality "1"]

1. e4 e6 2. g3 d5 3. Bg2 c5 4. Ne2 Nc6 5. exd5 exd5 6. d4 Nf6 7. 0-0 Be7 8. dxc5 0-0 9. Nbc3 Bg4 10. h3 Bxe2 11. Nxe2 Bxc5 12. Bg5 Qd6 13. Bxf6 Qxf6 14. Qxd5 Bb6 15. c3 Rad8 16. Qh5 Rd2 17. Nf4 Rxb2 18. Kh1 Rxf2 19. Rxf2 Bxf2 20. Rf1 Bxg3 21. Ne2 Qd6 22. Bd5 Be5 23. Bxf7+ Kh8 24. Qf3 Bf6 25. Bc4 Ne5 26. Qe4 Qd7 0-1

[Event "Titled Tuesday intern op 14th May Late"]
[Site "Chess.com INT"]
[Date "2024.05.14"]
[Round "8"]
[White "Maycock Bates, David Henry"]
[Black "Shapiro, Daniel E"]
[Result "1-0"]
[WhiteElo "2266"]
[BlackElo "2284"]
[PlyCount "81"]
[EventDate "2024.05.14"]
[EventType "swiss (blitz)"]
[EventRounds "11"]
[EventCountry "USA"]
[SourceTitle "CBM 220 Extra"]
[Source "ChessBase"]
[SourceDate "2024.07.31"]
[SourceVersion "1"]
[SourceVersionDate "2024.07.31"]
[SourceQuality "1"]

1. d4 Nf6 2. Nc3 d5 3. Bf4 a6 4. e3 e6 5. Nf3 Bd6 6. Bd3 b5 7. Ne5 Bb7 8. g4 Nbd7 9. g5 Ne4 10. Bxe4 dxe4 11. Qh5 g6 12. Qh6 Bf8 13. Qh3 Bg7 14. 0-0-0 Qe7 15. Qg2 0-0-0 16. Nxe4 Nxe5 17. dxe5 Qb4 18. f3 Bxe4 19. fxe4 Qc5 20. Qf3 b4 21. Rd4 Rxd4 22. exd4 Qxd4 23. Rd1 Qc5 24. Qd3 Kb7 25. Qd4 Qxd4 26. Rxd4 a5 27. Rd7 Rf8 28. c3 Kc8 29. Rd4 Rd8 30. Kc2 Rxd4 31. cxd4 c6 32. Kb3 Kc7 33. d5 Kb6 34. d6 Bf8 35. Kc4 Bg7 36. Be3+ Kb7 37. Bd4 Bf8 38. h4 Bg7 39. Kb3 h5 40. Ka4 Ka6 41. d7 1-0

[Event "Titled Tuesday intern op 14th May Late"]
[Site "Chess.com INT"]
[Date "2024.05.14"]
[Round "2"]
[White "Norowitz, Yaacov"]
[Black "Maycock Bates, David Henry"]
[Result "1-0"]
[WhiteElo "2402"]
[BlackElo "2266"]
[PlyCount "129"]
[EventDate "2024.05.14"]
[EventType "swiss (blitz)"]
[EventRounds "11"]
[EventCountry "USA"]
[SourceTitle "CBM 220 Extra"]
[Source "ChessBase"]
[SourceDate "2024.07.31"]
[SourceVersion "1"]
[SourceVersionDate "2024.07.31"]
[SourceQuality "1"]

1. d4 c5 2. c3 Nf6 3. Nf3 g6 4. Bg5 Bg7 5. e3 Qb6 6. Qb3 0-0 7. Nbd2 d5 8. Be2 Nc6 9. 0-0 cxd4 10. exd4 Be6 11. Rfe1 Ne4 12. Bh4 Nd6 13. Bg3 Ne4 14. Bf4 Qd8 15. Bd3 Nxd2 16. Bxd2 Na5 17. Qd1 Bg4 18. h3 Bxf3 19. Qxf3 e6 20. g3 Rc8 21. Rad1 a6 22. h4 Nc4 23. Bc1 h6 24. h5 g5 25. Bc2 b5 26. Qd3 Re8 27. Kg2 Kf8 28. Re2 Nd6 29. Rde1 a5 30. g4 Qf6 31. Re3 b4 32. Rf3 Qd8 33. Bd2 Nc4 34. Bc1 Nd6 35. Qh7 Rc7 36. Ba4 bxc3 37. bxc3 Ne4 38. Bxe8 Qxe8 39. Rxe4 dxe4 40. Qxe4 Qc6 41. Qxc6 Rxc6 42. Rd3 Ke7 43. Kf3 Kd7 44. Bd2 Rc4 45. Be1 Bf8 46. Ke2 Kc6 47. Rd1 Bd6 48. Rb1 Ra4 49. Rb2 Ra3 50. Kd3 f5 51. f3 fxg4 52. fxg4 Bf4 53. Bd2 Kd5 54. Bxf4 gxf4 55. g5 f3 56. gxh6 f2 57. Rxf2 e5 58. Rf5 Ke6 59. Rxe5+ Kf6 60. h7 Kg7 61. Re2 Ra4 62. Rb2 Kxh7 63. Kc2 Kh6 64. Kb3 Ra3+ 65. Kxa3 1-0

[Event "Titled Tuesday intern op 07th May Late"]
[Site "Chess.com INT"]
[Date "2024.05.07"]
[Round "7"]
[White "Maycock Bates, David Henry"]
[Black "Bestard Borras, Miguel"]
[Result "1-0"]
[WhiteElo "2266"]
[BlackElo "2113"]
[PlyCount "85"]
[EventDate "2024.05.07"]
[EventType "swiss (blitz)"]
[EventRounds "11"]
[EventCountry "USA"]
[SourceTitle "EXT 2025"]
[Source "ChessBase"]
[SourceDate "2024.10.14"]
[SourceVersion "1"]
[SourceVersionDate "2024.10.14"]
[SourceQuality "1"]

1. e4 e5 2. Bc4 Nf6 3. d3 Nc6 4. Nf3 Bc5 5. 0-0 h6 6. c3 d6 7. h3 a6 8. Bb3 Ba7 9. a4 Ne7 10. Nbd2 g5 11. Nc4 Ng6 12. d4 Qe7 13. Re1 g4 14. hxg4 Bxg4 15. Ne3 h5 16. Nf5 Qd7 17. Bg5 Nxe4 18. Ng7+ Kf8 19. Rxe4 Kxg7 20. dxe5 dxe5 21. Qxd7 Bxd7 22. Nxe5 Bf5 23. Re2 Rhe8 24. Rae1 f6 25. Nxg6 Rxe2 26. Rxe2 Kxg6 27. Bf4 Bb6 28. Re7 Rf8 29. Bxc7 Bxc7 30. Rxc7 Be4 31. f3 Bc6 32. a5 Rd8 33. Bf7+ Kg5 34. b4 Rd1+ 35. Kf2 Rd2+ 36. Ke3 Rxg2 37. Be6 Rb2 38. Rg7+ Kh6 39. Rf7 Kg6 40. Rf8 h4 41. Kf4 h3 42. Bxh3 Rb3 43. Bf5+ 1-0

[Event "Titled Tuesday intern op 07th May Late"]
[Site "Chess.com INT"]
[Date "2024.05.07"]
[Round "9"]
[White "Rohwer, Paul"]
[Black "Maycock Bates, David Henry"]
[Result "0-1"]
[WhiteElo "2225"]
[BlackElo "2266"]
[PlyCount "104"]
[EventDate "2024.05.07"]
[EventType "swiss (blitz)"]
[EventRounds "11"]
[EventCountry "USA"]
[SourceTitle "EXT 2025"]
[Source "ChessBase"]
[SourceDate "2024.10.14"]
[SourceVersion "1"]
[SourceVersionDate "2024.10.14"]
[SourceQuality "1"]

1. e4 d5 2. exd5 c6 3. d4 cxd5 4. Bd3 Nc6 5. c3 Nf6 6. Nf3 Bg4 7. 0-0 e6 8. Nbd2 Bd6 9. h3 Bh5 10. Qb3 0-0 11. Re1 a6 12. a4 Qc7 13. Be2 Rfe8 14. Nf1 e5 15. dxe5 Nxe5 16. Nxe5 Rxe5 17. Ne3 Bxe2 18. Rxe2 Rae8 19. Bd2 Ne4 20. Nxd5 Nxd2 21. Nxc7 Nxb3 22. Nxe8 Rxe2 23. Rd1 Rxe8 24. Rxd6 g6 25. Rd7 Nc5 26. Rc7 Re1+ 27. Kh2 Re5 28. a5 Nd3 29. b4 Rb5 30. Kg3 Kg7 31. Kf3 Ne5+ 32. Ke4 Nc6 33. f4 Kf6 34. g4 Ke6 35. Rc8 h5 36. Re8+ Kd7 37. Rf8 Ke7 38. Rg8 Nd8 39. Rh8 hxg4 40. hxg4 Ne6 41. Rh3 f5+ 42. gxf5 gxf5+ 43. Kf3 Kd6 44. Rh7 Nc7 45. Rh6+ Kd7 46. Rh7+ Kc6 47. Rh6+ Kd5 48. Rh5 Kc4 49. Rh3 Nd5 50. Kf2 Nxc3 51. Re3 Ne4+ 52. Kf3 Rxb4 0-1

[Event "BCF-chT2 2324 (4NCL)"]
[Site "England"]
[Date "2024.05.04"]
[Round "9.52"]
[White "Maycock Bates, David Henry"]
[Black "Wall, Gavin"]
[Result "1-0"]
[WhiteElo "2217"]
[BlackElo "2281"]
[PlyCount "59"]
[EventDate "2023.11.11"]
[EventType "team-tourn"]
[EventRounds "11"]
[EventCountry "ENG"]
[SourceTitle "CBM 219 Extra"]
[Source "ChessBase"]
[SourceDate "2024.05.31"]
[SourceVersion "1"]
[SourceVersionDate "2024.05.31"]
[SourceQuality "1"]
[WhiteTeam "CSC/Kingston"]
[BlackTeam "Gonzaga"]
[WhiteTeamCountry "ENG"]
[BlackTeamCountry "ENG"]

1. e4 e5 2. Nf3 Nc6 3. Bb5 a6 4. Ba4 d6 5. c3 g6 6. d4 Bd7 7. 0-0 Bg7 8. Re1 Nge7 9. Be3 0-0 10. d5 Nb8 11. Nfd2 b5 12. Bc2 c6 13. c4 cxd5 14. cxd5 f5 15. f3 Be8 16. a4 Nd7 17. Nc3 b4 18. Ne2 Rc8 19. b3 Nc5 20. Nc1 a5 21. Nd3 Nxd3 22. Bxd3 Rc3 23. Nc4 Qc7 24. Rc1 Rxc1 25. Qxc1 Nc8 26. Nxa5 Qxa5 27. Qxc8 fxe4 28. fxe4 Bf7 29. Qd7 Rd8 30. Qb7 1-0